Les 10 pays les plus forts (en force militaires) - Statistiques

Statistiques générales
  • Ce quiz a été pris 744 fois
  • Le résultat moyen est 6 sur 10
Statistiques - réponses
Réponse % Correct
1- Etats-Unis
99%
2- Russie
94%
3- Chine
86%
4- Inde
70%
7- France
62%
5- Japon
54%
8- Royaume-Uni
49%
6- Corée-du-Sud
41%
9- Pakistan
31%
10- Brésil
29%
Aucun quiz correspondant
Distribution des résultats
% des personnes avec chaque résultat
Percentile par nombre de réponses
Votre historique - résultats
Vous n’avez pas pris ce quiz